000 01014nac a22003257a 4500
001 BR9400091
003 BR-BrBNA
005 20240105121507.0
008 230509b bl.|||m| |||| 00| 0 por d
040 _aBR-BrBNA
_bpor
_cBiblioteca Nacional de Agricultura
072 _aL02
090 _a5213 BR9400091
100 1 _aVega, S.R.M.
100 1 _aLancanova, J.A.C.
110 1 _aInstituto Agronomico do Parana, Londrina (Brasil)
_95630
245 1 _aLevantamento de minerais no solo e forrageiras na Regiao Noroeste do Parana
260 3 _aLondrina, PR (Brasil):
_c1993.
300 _a16 p.
490 _aInforme da Pesquisa - Fundacao Instituto Agronomico do Parana (Brazil)
_vno. 108
_xISSN 0100-9508
500 _a10 tables; 18 ref.
650 _aGado de Corte
650 _aPlanta Forrageira
650 _aMineral
650 _aNutricao Animal
650 _aCalcio
650 _aFosforo
650 _aMagnesio
909 _a202312
_bLúcia Elande
_c55
_dLúcia Elande
942 _2AGRIS
_n0
_cMS
999 _c285618
_d285618